00545nam a22001337a 450000500170000000800410001705000340005810000290009224500620012126000340018330000210021750000400023865001330027820260512104234.0260512b |||||||| |||| 00| 0 eng d aTHE LB 2825 .K4 M33 2025bC.1 aMagara, Dorothy Kwamboka aA Morphophonemic Analysis of Dholuo Loanwords in Ekegusii aKisiibKisii Universityc2025 axvii, 106p.:ill. aIncludes bibliographical references a1. Loanwords - Kenya - Case studies. 2. Morphophonemics - Kenya - Ekegusii language. 3. Dholuo language - Influence on Ekegusii.